MDQL
is popping MORE tags! Check the
thread
!
Quizzes
Events
Quiz Creation
Community
Videos
Private Events
Remove Ads
Sign In
Join for FREE
Feedback
Dark Mode
Quiz Categories
Sports
Geography
Music
Movies
Television
Just For Fun
Miscellaneous
History
Literature
Language
Science
Gaming
Entertainment
Religion
Holiday
For Kids
Quiz Lab
Recent
Popular Today
Quiz Kudos Today
Editor Picks
Curator Picks
Quizzes by...
Day
Popularity
Type
Ratings
Length
Year
Community
Subscriptions
Recent Discussions
Orange Saloon
Badges
Playlists
Quests
Create
Leaderboards
Showdown
Live 5
Trivia Bingo
Activity
Puzzle Library
Sporcle Events
Private Events
Virtual Trivia
Globe League
Become a Host
Pub Owners
SporcleCon
Opinionation
Our Games
Videos
Blog
Mobile Apps
Partnerships
Remove Ads and Go Orange
Feedback
Sports
Athletes
MLB
NBA
NHL
NFL
Soccer
Sports Teams
WWE
NCAA
Football
Premier League
Basketball
Baseball
Hockey
Golf
Tennis
Cricket
Rugby
Auto Racing
Olympics
World Cup
Sports
Athletes
MLB
NBA
NHL
NFL
Soccer
Sports Teams
WWE
NCAA
Football
Premier League
Basketball
Baseball
Hockey
Golf
Tennis
Cricket
Rugby
Auto Racing
Olympics
World Cup
Random Quiz
Search Sporcle
×
Quiz Lab
Quiz Lab
Sports
Rugby
Type in answers that appear in a list
Type in answers that appear in a list
Classic
Best Score? Go Orange.
All Time English Rugby Union Premiership Stats
Can you name the clubs that haved played in the top league of English Rugby Union (since the game turned professional 1996)
By
majones1973
5m
21 Questions
488 Plays
488 Plays
488 Plays
Comments
Comments
Give Quiz Kudos
Give Quiz Kudos
-
- Ratings
hide this ad
Replay
Link that replays current quiz
Next Quiz
Link to next quiz in quiz playlist
You Got
0%
They Got
Avg Score
79%
Avg Friend Score
Upgrade to see
Score Distribution
Jump to the score distribution portion of the page
Score
0/21
Timer
05:00
0
Plays Today
P/W/L %
Team
% Correct
P:422 W:287 D:23 (71%)
Leicester Tigers
97.7%
P:422 W:246 D:13 (60%)
Saracens
96.5%
P:422 W:235 D:18 (58%)
Bath Rugby
96.3%
P:422 W:230 D:16 (56%)
Wasps
95.7%
P:378 W:144 D:17 (40%)
Newcastle Falcons
95.1%
P:422 W:184 D:14 (45%)
London Irish
94.7%
P:220 W:78 D:9 (38%)
Bristol (Shoguns)
94.1%
P:422 W:225 D:14 (55%)
Gloucester
93.6%
P:110 W:57 D:1 (52%)
Exeter Chiefs
93.4%
P:400 W:194 D:13 (50%)
Harlequins
93%
P:422 W:198 D:17 (49%)
Sale Sharks
92.6%
P/W/L %
Team
% Correct
P:400 W:228 D:9 (58%)
Northampton Saints
92.6%
P:44 W:5 D:0 (11%)
London Welsh
91.2%
P:198 W:54 D:12 (30%)
Worcester Warriors
87.5%
P:176 W:52 D:5 (31%)
Leeds Tykes (Carnegie)
76.8%
P:26 W:8 D:0 (31%)
London Scottish
74.6%
P:48 W:23 D:2 (50%)
Richmond
55.1%
P:44 W:2 D:0 (5%)
Rotherham Titans
48.8%
P:48 W:7 D:0 (15%)
Bedford Blues
46.1%
P:22 W:3 D:0 (14%)
Orrell
32%
P:48 W:6 D:1 (14%)
West Hartlepool
27.7%
Quiz Playlist
Details
Report
Send in Message
Add To Playlist
Classic:
Type in answers that appear in a list
Last Updated: Feb 16, 2017
Quiz Scoreboard
CHALLENGE
Sign Up to Join the Scoreboard
Show All
Scores
Hide
Comments
May contain spoilers
Recently Published
Two Season TV Shows II
by 123Four
Television
10m
Image Sorting: Flags VI
by Barbecue
Geography
2m
Find the 'City' Movie
by crazypaving
Movies
60s
More to Explore
Quiz From the Vault
Featured Blog Post
14 Easter Pick-up Lines to Find Eggs With
hide this ad
You Might Also Like...
Tags
Rugby Quiz
English Rugby
Premiership Rugby
Rugby Union
Today's Top Quizzes in Sports
Browse Sports
hide this ad
Today's Top Quizzes in Rugby
Browse Rugby
Top Contributed Quizzes in Sports
1
Les meilleurs buteurs des matchs entre le PSG et l’OM
2
Les entraîneurs de l'OM et du PSG au 21e siècle
3
2022 World Cup Stars
4
Les joueurs passés par le PSG et l'OM
5
Players with Multiple 50 Home Run Seasons
6
Criteria MLB: Left Handed Sluggers
7
FIFA Club World Cup Champions
8
Les joueurs passés par le LOSC et le RC Lens
9
NBA Logic Puzzle 2.0
10
Top 10 NHL Goal Scorers of All Time
Explore More
Trending Topics
Marvel
Harry Potter
Kpop
NBA
Anime
Crossword
Disney
WWE
Song
NFL
Soccer
The Office
Puzzle
Pokémon
Country
hide this ad
More By:
majones1973
Quiz
Plays
Rating
Category
Featured
Created
10 to 1 No Hint Sorting Gallery I
4,376
4.75
Just For Fun
May 11, 2016
10 to 1 Sorting Gallery - I know the name....
4,072
4.06
Movies
May 19, 2016
Sporcle Pointless!
3,415
4.50
Just For Fun
Jul 10, 2017
10 to 1 No Hint Sorting Gallery III
1,722
3.00
Just For Fun
May 11, 2016
10 to 1 No Hint Sorting Gallery V
1,709
3.80
Just For Fun
Jun 17, 2016
Go to Creator's Profile
Score Distribution
Quiz Creator Spotlight
majones1973
Follow
Send a Message
Quizzes Created
-
Created Quiz Play Count
-
More By This Creator
Popular Quizzes Today
1
Find the US States - No Outlines Minefield
2
Colored Red Africa Blitz
3
Find the 'City' Movie
4
5x2 Blitz: Bands
5
The Countries of the World
6
Find the Countries of Europe - No Outlines Minefield
7
Find the US States
8
US States
More Sports Quizzes
Active MLB Players with 1,000 RBIs
Published
Trending Quizzes
Colored Red Europe Blitz I
Colored Red Africa Blitz II
Colored Red Europe Blitz II
Colored Red Africa Blitz III
Colored Red Europe Blitz III
Recently Updated
How Do You Spell That?
pecheneg
Godzilla Movies
pecheneg
Grab Bag: 4-10 Letters
pecheneg
2024 March Madness Bracket
pecheneg
Famous TV Couples
Peacemaker
Champions League XIs: Real Madrid
pecheneg
Largest US Cities 1790-2010
pecheneg
Rides in Walt Disney World
pecheneg
Most Oscar Losses (Acting)
pecheneg
Beyoncé Albums
pecheneg
Trending Topics
Kpop
Disney
Anime
Harry Potter
Crossword
NBA
Marvel
Song
Soccer
Puzzle
Country
NFL
WWE
Pokémon
The Office
Your Account Isn't Verified!
In order to create a playlist on Sporcle, you need to verify the email address you used during registration. Go to your
Sporcle Settings
to finish the process.
Report this User
Report this user for behavior that violates our
Community Guidelines
.
Details:
Send Report
Go to the Sporcle.com Mobile Site →
Comments